000 00978nam0a2200277 4500
001 RU\NLR\ONL1\6793
005 20250613115325.0
035 _a(NLR Aleph) 009635544
090 _a9521265
_c9521265
100 _a20051024d1934 |||y0rusy50 ca
101 0 _achm
102 _aRU
105 _ay |||||||||
200 1 _aКы|цэ изивлäм кäн|äжы|м пышкэды|шкы|ц пэрэгы|млä
_fА. И. Доброхотова
_g[Пер. Ш. М. Булата]
210 _aКозмодемьянск
_cКырык-мары изд-вы
_d1934
215 _a18 с.
_d20
541 1 _aКак уберечь детей от летних поносов
_zrus
606 0 _aПоносы у детей
_91110267
_3RU\NLR\auth\66438495
686 1 _aР733.413
700 1 _aДоброхотов
_bА. И.
_4070
801 0 _aRU
_bNLR
_c20051024
_gPSBO
852 _aNLR
_bОНЛ
_jМар.г./2-753
942 _cBOOK
980 _aNB